Prieskum častí fázových diagramov s obsahom látok, ktoré pri topení čiastočne disociujú : Obh. 7.6.1993 /

Guardado en:
Detalles Bibliográficos
Autor principal: Košťálová, Zuzana (Autor)
Formato: Manuscrito Libro
Lenguaje:eslovaco
Publicado: Bratislava : STU v Bratislave ChtF, 1993
Etiquetas: Agregar Etiqueta
Sin Etiquetas, Sea el primero en etiquetar este registro!

MARC

LEADER 00000ntm a22000003a 4500
001 stu21442
005 20150617225750.8
008 930720s1993----cs------------------slo-d
040 |a STU  |b slo 
041 0 |a slo 
044 |a cs 
100 1 |a Košťálová, Zuzana  |4 aut 
245 1 |a Prieskum častí fázových diagramov s obsahom látok, ktoré pri topení čiastočne disociujú :  |b Obh. 7.6.1993 /  |c [aut.]Košťálová,Zuzana 
260 |a Bratislava :  |b STU v Bratislave ChtF,  |c 1993 
300 |a 43 s :  |b Obr.,tab.,grafy,lit 
500 |a Špec.:Anorganická technológia 
996 |b CD11335  |c C*D11335  |l CCI  |s A  |a 24  |w stu21442_0001